| 000 | 01058nas a2200253Ia 4500 | ||
|---|---|---|---|
| 001 | R018/42775 | ||
| 003 | IT-RoPAU | ||
| 008 | 151124c99999999xx |||||||||||| ||und|| | ||
| 040 | _aIT-RoPAU | ||
| 040 | _cIT-RoPAU | ||
| 041 | _aFRANCESE | ||
| 100 |
_aJacquier Michel _gCodice Aut. SPICS: 21976 |
||
| 210 | _aFILM ECHANGE | ||
| 222 | _aFilm Echange | ||
| 245 |
_aFILM ECHANGE, ANNO 05-N.17 (INVERNO 1982) _bCoproduction Cinematographique Et Co-Responsabilite': Vers L'Indivision Contractuelle? |
||
| 250 | _a1a ed. | ||
| 260 |
_aPARIS _bS.E.P.P. _c1982 |
||
| 501 |
_bPaulus - SPICS - Società San Paolo EM (non-commercial uses only) _cCopyright2015 |
||
| 300 | _a15 p. [5-19] | ||
| 362 | _aANNO 005, N.17 (INVERNO 1982) | ||
| 500 | _aCoproduzione Cinematografica e Corresponsabilità . Verso una Contrattazione Indivisa? Contratto di Coproduzione. Responsabilità degli Associati Nei Riguardi di Terzi. Differenti Situazioni degli Associati. Evoluzione della Nozione di Coproduzione. | ||
| 650 |
_aCINEMA _vPUBBLICAZIONE PERIODICA |
||
| 942 | _cCR | ||
| 999 |
_c118866 _d118866 |
||